00393nam a2200121Ia 4500008004100000245008300041260004500124260000900169300000800178500001000186650001300196856006200209170516s9999 xx 000 0 und d aDevelopment of liposomal formulations: From concept to clinical investigations bAsian Journal of Pharmaceutical Sciences c2013 a8:2 aApril xPharmacy uhttp://www.sciencedirect.com/science/journal/18180876/8/2